000 00299 a2200145 4500
001 169314
020 _a
040 _cMagnum
100 _aSouchard, Philippe-Emmanuel
240 1 0 _aRespiracao
_lpor
245 1 0 _aRespiracao
362 0 _a1899
697 _aCIENCIAS MEDICAS SAUDE
942 _cBK
999 _c169314
_d169314